[Event "Cologne Ford op"]
[Site "Cologne"]
[Date "2010.04.19"]
[Round "1"]
[White "Christensen, Niels"]
[Black "Wacker, Nikolay"]
[Result "1-0"]
[WhiteElo "2250"]
[BlackElo "1625"]
[PlyCount "77"]
[EventDate "2010.04.19"]
[EventType "swiss"]
[EventRounds "7"]
[EventCountry "GER"]
[SourceTitle "EXT 2011"]
[Source "ChessBase"]
[SourceDate "2010.11.26"]
[SourceVersion "1"]
[SourceVersionDate "2010.11.26"]
[SourceQuality "1"]

1. d4 d5 2. c4 e6 3. Nc3 Nf6 4. Nf3 b6 5. Bg5 Be7 6. e3 Bb7 7. Qa4+ Bc6 8. Qc2 h6 9. Bf4 dxc4 10. Bxc4 Bxf3 11. gxf3 Bd6 12. Bg3 Nbd7 13. 0-0-0 Bxg3 14. hxg3 c5 15. d5 exd5 16. Nxd5 Nxd5 17. Rxd5 Qe7 18. Bb5 0-0-0 19. Qf5 g6 20. Ba6+ Kc7 21. Qf4+ Kc6 22. Rhd1 Nf6 23. Qa4+ Kc7 24. Qf4+ Kc6 25. Rxd8 Rxd8 26. Rxd8 Qxd8 27. Qa4+ Kc7 28. Bc4 a5 29. Bxf7 g5 30. Qc4 Qd7 31. f4 Ne4 32. Qxe4 Qxf7 33. a3 gxf4 34. exf4 b5 35. f5 Qf6 36. f4 Kd6 37. Qd3+ Kc6 38. a4 c4 39. Qe4+ 1-0